[Event "II Torneio Aberto Internacional de Xadrez de Ferreira do Alentejo"]
[Site "Ferreira do Alentejo - Portugal"]
[Date "2019.12.19"]
[Round "5.1"]
[White "Alekseev, Evgeny"]
[Black "Chatalbashev, Boris"]
[Result "1/2-1/2"]
[BlackElo "2542"]
[WhiteElo "2620"]
[LiveChessVersion "1.4.8"]

1. e4 {[%clk 1:30:58]} g6 {[%clk 1:30:55]} 2. d4 {[%clk 1:31:12]} Bg7
{[%clk 1:31:21]} 3. Nf3 {[%clk 1:31:20]} d6 {[%clk 1:31:45]} 4. Bd3
{[%clk 1:31:03]} Nf6 {[%clk 1:32:09]} 5. O-O {[%clk 1:29:42]} O-O
{[%clk 1:32:27]} 6. Re1 {[%clk 1:29:37]} Nc6 {[%clk 1:32:51]} 7. d5
{[%clk 1:25:31]} Nb4 {[%clk 1:33:14]} 8. Bf1 {[%clk 1:25:53]} Bg4
{[%clk 1:33:19]} 9. Nbd2 {[%clk 1:25:06]} a5 {[%clk 1:33:24]} 10. h3
{[%clk 1:23:19]} Bd7 {[%clk 1:33:08]} 11. c3 {[%clk 1:16:47]} Na6
{[%clk 1:33:30]} 12. Nc4 {[%clk 1:15:27]} e6 {[%clk 1:17:51]} 13. dxe6
{[%clk 1:08:36]} Bxe6 {[%clk 1:18:15]} 14. Bf4 {[%clk 1:07:57]} Nc5
{[%clk 1:12:21]} 15. e5 {[%clk 1:07:16]} dxe5 {[%clk 1:12:30]} 16. Bxe5
{[%clk 1:06:35]} Qxd1 {[%clk 1:10:06]} 17. Rexd1 {[%clk 0:52:43]} Na4
{[%clk 1:00:39]} 18. b3 {[%clk 0:46:09]} Bxc4 {[%clk 1:00:08]} 19. Bxc4
{[%clk 0:46:20]} Nb2 {[%clk 1:00:23]} 20. Rdb1 {[%clk 0:45:55]} Nxc4
{[%clk 0:59:52]} 21. bxc4 {[%clk 0:46:23]} Ra7 {[%clk 0:30:54]} 22. Bxc7
{[%clk 0:34:26]} Ne4 {[%clk 0:30:49]} 23. Bb6 {[%clk 0:34:31]} Ra6
{[%clk 0:30:53]} 24. Bd4 {[%clk 0:34:29]} Rb8 {[%clk 0:30:34]} 25. Rb2 1/2-1/2

[Event "II Torneio Aberto Internacional de Xadrez de Ferreira do Alentejo"]
[Site "Ferreira do Alentejo - Portugal"]
[Date "2019.12.19"]
[Round "5.2"]
[White "Malakhatko, Vadim"]
[Black "Liu, Zhaoqi"]
[Result "1-0"]
[BlackElo "2380"]
[WhiteElo "2470"]
[LiveChessVersion "1.4.8"]

1. Nf3 {[%clk 1:30:54]} Nf6 {[%clk 1:30:31]} 2. c4 {[%clk 1:30:59]} c5
{[%clk 1:30:37]} 3. Nc3 {[%clk 1:31:21]} g6 {[%clk 1:31:02]} 4. d4
{[%clk 1:31:31]} cxd4 {[%clk 1:31:26]} 5. Nxd4 {[%clk 1:31:57]} Bg7
{[%clk 1:31:33]} 6. e4 {[%clk 1:32:21]} O-O {[%clk 1:31:58]} 7. Be2
{[%clk 1:32:41]} d6 {[%clk 1:32:25]} 8. O-O {[%clk 1:32:51]} Nc6 {[%clk 1:32:52]}
9. Be3 {[%clk 1:33:13]} Nxd4 {[%clk 1:33:15]} 10. Bxd4 {[%clk 1:33:36]} Bd7
{[%clk 1:33:43]} 11. Qd2 {[%clk 1:33:49]} Bc6 {[%clk 1:34:08]} 12. f3
{[%clk 1:34:10]} Nd7 {[%clk 1:34:15]} 13. Bf2 {[%clk 1:34:33]} a5
{[%clk 1:34:33]} 14. b3 {[%clk 1:34:57]} Nc5 {[%clk 1:34:58]} 15. Rab1
{[%clk 1:35:22]} h5 {[%clk 1:35:21]} 16. Bd1 {[%clk 1:34:32]} Qc7
{[%clk 1:33:16]} 17. Bc2 {[%clk 1:34:34]} Rfc8 {[%clk 1:33:08]} 18. Rfe1
{[%clk 1:32:08]} b6 {[%clk 1:26:13]} 19. a4 {[%clk 1:23:31]} e6 {[%clk 1:11:49]}
20. Bh4 {[%clk 1:18:40]} Re8 {[%clk 1:01:37]} 21. Rbd1 {[%clk 1:18:39]} Rac8
{[%clk 0:58:30]} 22. Ne2 {[%clk 1:15:21]} Be5 {[%clk 0:51:46]} 23. Kh1
{[%clk 1:08:33]} Bb7 {[%clk 0:45:48]} 24. Nd4 {[%clk 1:06:46]} d5
{[%clk 0:41:35]} 25. Nb5 {[%clk 1:06:22]} Qb8 {[%clk 0:41:24]} 26. exd5
{[%clk 1:06:45]} exd5 {[%clk 0:39:06]} 27. cxd5 {[%clk 1:06:54]} Bf4
{[%clk 0:36:16]} 28. Qd4 {[%clk 1:02:05]} Rxe1+ {[%clk 0:31:41]} 29. Rxe1
{[%clk 1:02:26]} Nd7 {[%clk 0:32:04]} 30. d6 {[%clk 0:57:36]} Be5
{[%clk 0:31:09]} 31. Qd1 {[%clk 0:56:03]} Bc6 {[%clk 0:25:48]} 32. Be7
{[%clk 0:55:40]} Bxb5 {[%clk 0:23:58]} 33. axb5 {[%clk 0:56:04]} Re8
{[%clk 0:22:11]} 34. Qd5 {[%clk 0:47:26]} Qa8 {[%clk 0:21:39]} 35. Rxe5
{[%clk 0:46:49]} Nxe5 {[%clk 0:22:05]} 36. Qxe5 {[%clk 0:47:12]} Qc8
{[%clk 0:22:32]} 37. Qe2 {[%clk 0:44:05]} Qd7 {[%clk 0:22:39]} 38. Be4
{[%clk 0:42:53]} Qe6 {[%clk 0:23:07]} 39. Qd1 {[%clk 0:42:23]} 1-0

[Event "II Torneio Aberto Internacional de Xadrez de Ferreira do Alentejo"]
[Site "Ferreira do Alentejo - Portugal"]
[Date "2019.12.19"]
[Round "5.3"]
[White "Carrasco Martinez, Juan"]
[Black "Maksimenko, Andrei"]
[Result "1/2-1/2"]
[BlackElo "2463"]
[WhiteElo "2385"]
[WhiteTeam ""]
[LiveChessVersion "1.4.8"]

1. e4 {[%clk 1:30:56]} c5 {[%clk 1:30:42]} 2. Nc3 {[%clk 1:31:20]} e6
{[%clk 1:31:01]} 3. Nge2 {[%clk 1:30:52]} Nc6 {[%clk 1:30:08]} 4. g3
{[%clk 1:30:48]} Nf6 {[%clk 1:30:23]} 5. Bg2 {[%clk 1:31:09]} Be7
{[%clk 1:30:48]} 6. O-O {[%clk 1:31:08]} O-O {[%clk 1:31:12]} 7. f4
{[%clk 1:29:32]} d5 {[%clk 1:31:34]} 8. e5 {[%clk 1:29:57]} Nd7 {[%clk 1:32:00]}
9. d3 {[%clk 1:29:56]} a6 {[%clk 1:32:23]} 10. a4 {[%clk 1:29:30]} Rb8
{[%clk 1:32:46]} 11. g4 {[%clk 1:28:05]} b5 {[%clk 1:32:21]} 12. Ng3
{[%clk 1:28:01]} bxa4 {[%clk 1:00:09]} 13. g5 {[%clk 1:18:47]} a3
{[%clk 0:52:00]} 14. bxa3 {[%clk 1:13:26]} Nd4 {[%clk 0:51:08]} 15. Kh1
{[%clk 1:10:20]} g6 {[%clk 0:44:08]} 16. Nce2 {[%clk 0:54:31]} Nxe2 17. Qxe2 Qa5
18. c4 dxc4 19. dxc4 Bb7 20. Ne4 Bxe4 21. Bxe4 Nb6 22. Bg2 Nd7 1/2-1/2

[Event "II Torneio Aberto Internacional de Xadrez de Ferreira do Alentejo"]
[Site "Ferreira do Alentejo - Portugal"]
[Date "2019.12.19"]
[Round "5.4"]
[White "Fernandes, Antonio"]
[Black "Huhndorf, Arnold"]
[Result "0-1"]
[BlackElo "2220"]
[WhiteElo "2361"]
[WhiteTeam "Ax Portugal / Atlantidiag"]
[LiveChessVersion "1.4.8"]

1. e4 {[%clk 1:30:55]} c5 {[%clk 1:31:12]} 2. Nf3 {[%clk 1:31:35]} g6 3. d4
{[%clk 1:32:04]} cxd4 {[%clk 1:31:33]} 4. Nxd4 {[%clk 1:32:07]} Nc6 5. c4
{[%clk 1:32:32]} Nf6 {[%clk 1:31:41]} 6. Nc3 {[%clk 1:31:18]} d6 7. Be2
{[%clk 1:31:45]} Nxd4 {[%clk 1:31:54]} 8. Qxd4 {[%clk 1:14:15]} Bg7 9. Bg5
{[%clk 1:14:22]} O-O {[%clk 1:32:34]} 10. Qd2 {[%clk 1:10:50]} Be6
{[%clk 1:32:10]} 11. Rc1 {[%clk 0:40:38]} Qa5 12. O-O {[%clk 0:41:02]} Rfc8
{[%clk 1:31:27]} 13. b3 {[%clk 0:38:05]} a6 {[%clk 1:16:12]} 14. f4
{[%clk 0:23:31]} Rc5 {[%clk 1:04:47]} 15. Bf3 {[%clk 0:02:02]} Re8
{[%clk 0:37:49]} 16. Qe3 {[%clk 0:02:08]} Nd7 {[%clk 0:32:09]} 17. Na4
{[%clk 0:01:59]} Rc7 {[%clk 0:19:20]} 18. Bh4 {[%clk 0:00:46]} Rxc4
{[%clk 0:19:42]} 19. bxc4 {[%clk 0:00:46]} Qxa4 {[%clk 0:19:42]} 20. Qb3
{[%clk 0:00:32]} Qa5 {[%clk 0:17:15]} 21. Be1 {[%clk 0:00:41]} Qc7 22. f5
{[%clk 0:01:09]} gxf5 {[%clk 0:13:32]} 23. exf5 {[%clk 0:01:15]} Qc5+
{[%clk 0:13:54]} 24. Bf2 {[%clk 0:01:22]} Qxf5 {[%clk 0:13:16]} 25. Qxb7
{[%clk 0:01:23]} Nc5 {[%clk 0:13:37]} 26. Bxc5 {[%clk 0:01:23]} Qxc5+
{[%clk 0:13:37]} 27. Kh1 {[%clk 0:00:51]} Bxc4 28. Qd7 {[%clk 0:00:37]} Bb5
{[%clk 0:07:50]} 29. Qxe8+ {[%clk 0:00:37]} Bxe8 30. Rxc5 {[%clk 0:01:03]} dxc5
{[%clk 0:08:44]} 31. Rb1 {[%clk 0:00:38]} Bb5 {[%clk 0:07:46]} 32. Bd1
{[%clk 0:00:38]} Bd4 33. Bc2 {[%clk 0:00:48]} Kg7 {[%clk 0:08:08]} 34. a4
{[%clk 0:01:01]} Bc4 35. Rb6 {[%clk 0:00:57]} e6 {[%clk 0:06:53]} 36. h3
{[%clk 0:00:36]} h5 {[%clk 0:06:10]} 37. h4 {[%clk 0:00:41]} f5 38. Bb3
{[%clk 0:00:41]} Bxb3 {[%clk 0:05:47]} 39. Rxb3 {[%clk 0:01:18]} Kf6 40. a5
{[%clk 0:01:38]} Ke5 {[%clk 0:04:20]} 41. Rb6 c4 {[%clk 0:04:39]} 42. Rxa6
{[%clk 0:00:47]} c3 {[%clk 0:03:42]} 43. Ra8 {[%clk 0:00:34]} Kd5
{[%clk 0:04:01]} 44. Rc8 {[%clk 0:00:54]} Bc5 {[%clk 0:04:20]} 45. Rd8+
{[%clk 0:01:10]} Kc4 {[%clk 0:04:19]} 46. Rd1 {[%clk 0:01:07]} c2
{[%clk 0:03:20]} 47. Re1 {[%clk 0:01:13]} Kd3 {[%clk 0:02:35]} 48. g4
{[%clk 0:01:35]} fxg4 {[%clk 0:02:45]} 49. Kg2 Kd2 0-1

[Event "II Torneio Aberto Internacional de Xadrez de Ferreira do Alentejo"]
[Site "Ferreira do Alentejo - Portugal"]
[Date "2019.12.19"]
[Round "5.6"]
[White "Schmitz, Andreas Arnold"]
[Black "Figuero Toro, Julian Francisco"]
[Result "1/2-1/2"]
[BlackElo "2240"]
[WhiteElo "2013"]
[BlackTeam "Cx Montemor-O-Velho/Ctga"]
[LiveChessVersion "1.4.8"]

1. e4 {[%clk 1:30:56]} e5 {[%clk 1:30:54]} 2. Nf3 {[%clk 1:31:20]} Nf6
{[%clk 1:31:20]} 3. Nxe5 {[%clk 1:30:04]} d6 {[%clk 1:31:47]} 4. Nf3
{[%clk 1:30:17]} Nxe4 {[%clk 1:32:13]} 5. Qe2 {[%clk 1:30:29]} Qe7
{[%clk 1:32:37]} 6. d3 {[%clk 1:30:20]} Nf6 {[%clk 1:33:03]} 7. Bg5
{[%clk 1:29:10]} Qxe2+ {[%clk 1:31:26]} 8. Bxe2 {[%clk 1:29:32]} Be7
{[%clk 1:31:51]} 9. Nc3 {[%clk 1:28:44]} c6 {[%clk 1:31:47]} 10. Ne4
{[%clk 1:26:11]} Nd5 {[%clk 1:21:21]} 11. c4 {[%clk 1:21:26]} Nb4
{[%clk 1:17:21]} 12. Bxe7 {[%clk 1:17:53]} Kxe7 {[%clk 1:17:41]} 13. O-O
{[%clk 1:17:15]} Bg4 {[%clk 1:07:25]} 14. d4 {[%clk 1:07:43]} d5 {[%clk 1:03:09]}
15. Ned2 {[%clk 1:06:09]} Rd8 {[%clk 0:55:32]} 16. c5 {[%clk 1:04:13]} a5
{[%clk 0:47:25]} 17. a3 {[%clk 1:02:03]} N4a6 {[%clk 0:47:02]} 18. Rfe1
{[%clk 0:57:47]} Kf8 {[%clk 0:44:10]} 19. Ne5 {[%clk 0:50:26]} Bxe2
{[%clk 0:44:17]} 20. Rxe2 {[%clk 0:50:49]} Nc7 {[%clk 0:43:51]} 21. Rae1
{[%clk 0:48:55]} a4 {[%clk 0:40:16]} 22. Nxf7 {[%clk 0:48:01]} Re8
{[%clk 0:36:38]} 23. Nd6 {[%clk 0:41:21]} Rxe2 {[%clk 0:36:50]} 24. Rxe2
{[%clk 0:41:46]} Nd7 {[%clk 0:34:08]} 25. Re3 {[%clk 0:35:51]} Rb8
{[%clk 0:32:10]} 26. Rf3+ {[%clk 0:27:31]} Nf6 {[%clk 0:32:26]} 27. b4
{[%clk 0:24:43]} Ne6 {[%clk 0:25:25]} 28. Rd3 {[%clk 0:24:22]} b6
{[%clk 0:24:48]} 29. g3 {[%clk 0:22:45]} bxc5 {[%clk 0:25:00]} 30. dxc5
{[%clk 0:22:39]} Ke7 {[%clk 0:20:36]} 31. f4 {[%clk 0:21:37]} g6 {[%clk 0:19:45]}
32. Re3 {[%clk 0:19:32]} Nd7 {[%clk 0:16:39]} 33. g4 {[%clk 0:16:27]} Kf6
{[%clk 0:16:46]} 34. g5+ {[%clk 0:15:49]} Ke7 {[%clk 0:17:11]} 35. Nf3
{[%clk 0:15:51]} Ndxc5 {[%clk 0:15:42]} 36. bxc5 {[%clk 0:15:54]} Rb3
{[%clk 0:16:08]} 37. Nc8+ {[%clk 0:11:03]} Kd8 {[%clk 0:12:35]} 38. Rxe6
{[%clk 0:10:12]} Rxf3 {[%clk 0:13:00]} 39. Rxc6 Rxa3 {[%clk 0:12:17]} 40. Nb6
{[%clk 0:10:05]} Ra1+ {[%clk 0:12:24]} 41. Kg2 {[%clk 0:10:08]} a3 42. Nxd5
{[%clk 0:08:39]} Rc1 {[%clk 0:11:47]} 43. Rd6+ {[%clk 0:07:45]} Kc8
{[%clk 0:12:01]} 44. Ne7+ {[%clk 0:07:11]} Kb7 {[%clk 0:11:45]} 45. c6+
{[%clk 0:07:06]} Kb8 {[%clk 0:11:17]} 46. Rd2 {[%clk 0:05:11]} Rc5 47. Ra2
{[%clk 0:04:56]} Ra5 {[%clk 0:09:51]} 48. h4 {[%clk 0:04:34]} Kc7
{[%clk 0:10:09]} 49. h5 {[%clk 0:03:51]} gxh5 {[%clk 0:10:21]} 50. Kg3
{[%clk 0:03:33]} Kd6 {[%clk 0:10:40]} 51. Nf5+ {[%clk 0:02:54]} Rxf5
{[%clk 0:10:39]} 52. Rxa3 {[%clk 0:03:20]} h6 {[%clk 0:04:15]} 53. Rc3
{[%clk 0:03:06]} Kc7 {[%clk 0:04:40]} 54. gxh6 Rf6 {[%clk 0:05:01]} 55. Kh4
{[%clk 0:02:38]} Rxh6 {[%clk 0:05:22]} 56. Rc5 {[%clk 0:02:22]} Rh8
{[%clk 0:05:07]} 57. Rc4 {[%clk 0:02:15]} Rh7 {[%clk 0:05:12]} 58. f5
{[%clk 0:02:27]} Rh8 {[%clk 0:04:42]} 59. Kg5 {[%clk 0:02:36]} Rf8
{[%clk 0:01:07]} 60. f6 {[%clk 0:02:44]} Rc8 {[%clk 0:00:43]} 61. Kxh5
{[%clk 0:02:50]} Kd6 {[%clk 0:01:10]} 62. f7 {[%clk 0:02:23]} Ke7
{[%clk 0:00:53]} 63. Kg6 {[%clk 0:02:39]} Kf8 {[%clk 0:01:09]} 64. Rc1
{[%clk 0:02:12]} Rc7 {[%clk 0:01:35]} 65. Kf5 {[%clk 0:02:07]} Kxf7
{[%clk 0:01:52]} 66. Ke5 {[%clk 0:02:21]} Ke7 {[%clk 0:02:07]} 67. Kd5
{[%clk 0:02:49]} Kd8 {[%clk 0:01:07]} 68. Kc5 {[%clk 0:02:57]} Rh7
{[%clk 0:01:18]} 69. Kb6 {[%clk 0:03:06]} Rh2 70. Rc5 {[%clk 0:02:42]} Kc8
{[%clk 0:01:57]} 71. Rg5 {[%clk 0:02:47]} Rb2+ {[%clk 0:02:18]} 72. Kc5
{[%clk 0:03:11]} Rc2+ {[%clk 0:02:39]} 73. Kd6 {[%clk 0:03:29]} Rd2+
{[%clk 0:03:04]} 74. Rd5 {[%clk 0:03:30]} Rh2 {[%clk 0:03:24]} 75. Rd4
{[%clk 0:03:42]} Rh1 {[%clk 0:03:39]} 76. Rd5 {[%clk 0:02:53]} 1/2-1/2

[Event "II Torneio Aberto Internacional de Xadrez de Ferreira do Alentejo"]
[Site "Ferreira do Alentejo - Portugal"]
[Date "2019.12.19"]
[Round "5.7"]
[White "Wesslen, Ulf"]
[Black "Guerreiro, Nuno"]
[Result "1-0"]
[BlackElo "2083"]
[WhiteElo "1932"]
[BlackTeam "ADRC Mata de Benfica"]
[LiveChessVersion "1.4.8"]

1. e4 {[%clk 1:26:46]} Nc6 {[%clk 1:30:17]} 2. d4 {[%clk 1:25:45]} d5
{[%clk 1:28:58]} 3. Nc3 {[%clk 1:23:50]} e6 {[%clk 1:19:56]} 4. Nf3
{[%clk 1:23:48]} dxe4 {[%clk 1:19:56]} 5. Nxe4 Nf6 {[%clk 1:20:28]} 6. Nxf6+
{[%clk 1:19:15]} gxf6 {[%clk 1:19:53]} 7. Bf4 {[%clk 1:15:58]} Bd6 8. Bh6
{[%clk 1:13:18]} Rg8 {[%clk 1:17:25]} 9. g3 {[%clk 1:07:28]} Bd7 10. Qe2
{[%clk 1:00:57]} f5 {[%clk 1:12:44]} 11. h4 Qf6 {[%clk 1:11:13]} 12. Bg5
{[%clk 0:59:57]} Qg7 {[%clk 1:10:57]} 13. O-O-O {[%clk 0:56:05]} h6
{[%clk 1:07:51]} 14. Be3 {[%clk 0:54:02]} O-O-O {[%clk 1:05:32]} 15. Kb1
{[%clk 0:48:26]} Nb4 {[%clk 1:04:29]} 16. Bc1 Ba4 {[%clk 1:03:55]} 17. Ne1
{[%clk 0:46:15]} Bc6 {[%clk 1:02:55]} 18. Bg2 {[%clk 0:45:08]} Bxg2
{[%clk 1:02:49]} 19. Nxg2 {[%clk 0:39:45]} Nd5 {[%clk 1:03:02]} 20. c4
{[%clk 0:39:13]} Nf6 {[%clk 1:01:05]} 21. c5 {[%clk 0:35:50]} Bf8
{[%clk 0:56:03]} 22. c6 {[%clk 0:27:32]} Qg4 {[%clk 0:55:28]} 23. f3
{[%clk 0:23:32]} Qxg3 {[%clk 0:55:37]} 24. cxb7+ {[%clk 0:23:32]} Kxb7
{[%clk 0:55:37]} 25. Qb5+ Kc8 {[%clk 0:55:38]} 26. Qa6+ {[%clk 0:13:00]} Kd7
{[%clk 0:52:42]} 27. Qa4+ {[%clk 0:07:07]} Ke7 {[%clk 0:51:55]} 28. Ne3
{[%clk 0:07:07]} Qxf3 {[%clk 0:50:36]} 29. Rhe1 {[%clk 0:06:05]} Ne4 30. Qxa7
{[%clk 0:05:36]} Rd7 {[%clk 0:50:13]} 31. d5 {[%clk 0:03:17]} Kf6
{[%clk 0:41:18]} 32. Qa4 {[%clk 0:03:17]} Nc5 {[%clk 0:41:18]} 33. Qc6
{[%clk 0:03:18]} Kg7 {[%clk 0:38:46]} 34. b4 {[%clk 0:03:42]} Qe4+
{[%clk 0:35:28]} 35. Nc2 {[%clk 0:03:57]} Rd6 {[%clk 0:35:01]} 36. Qxc5
{[%clk 0:04:13]} Qxh4 {[%clk 0:35:01]} 37. Qxc7 {[%clk 0:04:25]} exd5
{[%clk 0:34:59]} 38. Rg1+ Kh7 {[%clk 0:35:07]} 39. Qxf7+ {[%clk 0:04:31]} Bg7 40.
Bb2 d4 {[%clk 0:35:24]} 41. Bxd4 {[%clk 0:04:03]} Rxd4 {[%clk 0:35:51]} 42. Rxd4
{[%clk 0:03:55]} Qf2 {[%clk 0:35:51]} 43. Qg6+ {[%clk 0:03:59]} Kh8 44. Rd7 1-0

[Event "II Torneio Aberto Internacional de Xadrez de Ferreira do Alentejo"]
[Site "Ferreira do Alentejo - Portugal"]
[Date "2019.12.19"]
[Round "5.8"]
[White "Ramos, Alvaro Manuel Nobre"]
[Black "Schmitz, Manuela"]
[Result "0-1"]
[BlackElo "1914"]
[WhiteElo "1868"]
[WhiteTeam "CXFA"]
[LiveChessVersion "1.4.8"]

1. e4 e6 2. d4 {[%clk 1:30:20]} d5 {[%clk 1:30:54]} 3. Nd2 {[%clk 1:30:12]} Nf6
{[%clk 1:31:15]} 4. e5 {[%clk 1:30:31]} Nfd7 {[%clk 1:31:37]} 5. Ngf3
{[%clk 1:30:46]} c5 {[%clk 1:31:47]} 6. c3 {[%clk 1:30:46]} Nc6 {[%clk 1:32:05]}
7. Bd3 {[%clk 1:30:24]} g6 {[%clk 1:31:15]} 8. O-O {[%clk 1:30:07]} Bg7
{[%clk 1:31:25]} 9. Re1 {[%clk 1:29:19]} O-O {[%clk 1:31:03]} 10. Bb1
{[%clk 1:25:44]} cxd4 11. cxd4 {[%clk 1:25:55]} f6 {[%clk 1:26:07]} 12. exf6
{[%clk 1:25:19]} Qxf6 {[%clk 1:23:41]} 13. Nb3 {[%clk 1:24:39]} a5
{[%clk 1:17:25]} 14. a4 {[%clk 1:22:39]} b6 {[%clk 1:09:53]} 15. h4
{[%clk 1:13:02]} Bb7 {[%clk 1:03:18]} 16. Bd2 {[%clk 1:04:11]} e5
{[%clk 1:00:36]} 17. Bg5 {[%clk 1:03:23]} Qf7 {[%clk 1:00:52]} 18. Be3
{[%clk 0:58:30]} e4 {[%clk 0:57:33]} 19. Ng5 {[%clk 0:53:58]} Qe7
{[%clk 0:51:21]} 20. f3 {[%clk 0:46:11]} h6 {[%clk 0:45:36]} 21. fxe4
{[%clk 0:45:39]} hxg5 {[%clk 0:43:25]} 22. Bxg5 {[%clk 0:45:11]} Qf7
{[%clk 0:43:04]} 23. exd5 {[%clk 0:43:43]} Qf2+ {[%clk 0:36:14]} 24. Kh1
{[%clk 0:44:03]} Nxd4 {[%clk 0:34:02]} 25. Nxd4 {[%clk 0:40:45]} Bxd4
{[%clk 0:31:57]} 26. Bxg6 {[%clk 0:39:00]} Bxd5 {[%clk 0:27:38]} 27. Qg4
{[%clk 0:35:07]} Ne5 {[%clk 0:23:59]} 28. Rxe5 {[%clk 0:22:37]} Bxe5
{[%clk 0:18:34]} 29. Bd3 {[%clk 0:22:09]} Qg3 {[%clk 0:16:17]} 30. Kg1 0-1

[Event "II Torneio Aberto Internacional de Xadrez de Ferreira do Alentejo"]
[Site "Ferreira do Alentejo - Portugal"]
[Date "2019.12.19"]
[Round "5.9"]
[White "Tieres, Cristiano"]
[Black "Avelino, Camila Biscaya"]
[Result "0-1"]
[BlackElo "1774"]
[WhiteElo "1848"]
[WhiteTeam "EX Porto"]
[BlackTeam "ADRC Mata de Benfica"]
[LiveChessVersion "1.4.8"]

1. d4 {[%clk 1:19:22]} Nf6 2. c4 {[%clk 1:19:48]} g6 {[%clk 1:30:27]} 3. Nc3 Bg7
{[%clk 1:30:25]} 4. e4 {[%clk 1:20:14]} d6 5. Nf3 {[%clk 1:21:09]} O-O
{[%clk 1:29:33]} 6. h3 {[%clk 1:21:09]} Nbd7 {[%clk 1:27:41]} 7. Bg5
{[%clk 1:21:55]} e5 {[%clk 1:22:41]} 8. d5 {[%clk 1:22:19]} a5 {[%clk 1:15:51]}
9. g4 {[%clk 1:22:45]} Nc5 {[%clk 1:10:10]} 10. Nd2 {[%clk 1:23:02]} c6
{[%clk 1:04:41]} 11. Be2 {[%clk 1:23:25]} Qb6 12. Qc2 {[%clk 1:23:48]} cxd5
{[%clk 1:03:15]} 13. cxd5 {[%clk 1:23:46]} Bd7 {[%clk 0:54:37]} 14. a4
{[%clk 1:21:50]} Rac8 15. Bb5 {[%clk 1:22:15]} Bxb5 {[%clk 0:42:41]} 16. axb5
{[%clk 1:21:56]} Qc7 {[%clk 0:38:22]} 17. f3 {[%clk 1:22:12]} b6 {[%clk 0:27:51]}
18. O-O-O {[%clk 1:22:38]} a4 {[%clk 0:27:45]} 19. Kb1 {[%clk 1:22:06]} a3
{[%clk 0:27:28]} 20. Rc1 {[%clk 1:22:34]} axb2 {[%clk 0:27:28]} 21. Kxb2
{[%clk 1:22:56]} Ra8 {[%clk 0:25:33]} 22. Ra1 {[%clk 1:21:16]} Rfc8
{[%clk 0:20:39]} 23. Rhc1 {[%clk 1:21:30]} Nfd7 {[%clk 0:19:14]} 24. Be3
{[%clk 1:20:29]} Bf6 {[%clk 0:15:44]} 25. Nb3 {[%clk 1:19:48]} Bh4
{[%clk 0:15:44]} 26. Nxc5 {[%clk 1:19:48]} Nxc5 {[%clk 0:06:13]} 27. Na4
{[%clk 1:15:10]} Kg7 {[%clk 0:06:35]} 28. Bxc5 {[%clk 1:15:10]} bxc5
{[%clk 0:04:59]} 29. Qc4 {[%clk 1:12:18]} Bf2 {[%clk 0:04:47]} 30. Nc3
{[%clk 1:12:18]} Bd4 {[%clk 0:04:47]} 31. Kc2 {[%clk 1:11:56]} Ra5
{[%clk 0:04:13]} 32. Ra4 {[%clk 1:11:56]} Rb8 {[%clk 0:03:29]} 33. Rb1
{[%clk 1:11:50]} Bxc3 {[%clk 0:03:36]} 34. Kxc3 {[%clk 1:10:01]} Qb6
{[%clk 0:02:23]} 35. f4 {[%clk 1:10:19]} exf4 {[%clk 0:01:33]} 36. g5
{[%clk 1:10:45]} Kf8 {[%clk 0:01:47]} 37. Kd3 {[%clk 1:00:52]} Rxb5 38. Rba1
{[%clk 1:00:03]} Rb4 {[%clk 0:00:54]} 39. Rxb4 {[%clk 1:00:03]} Qxb4
{[%clk 0:01:46]} 40. Qxb4 {[%clk 1:00:25]} Rxb4 {[%clk 0:02:08]} 41. Rf1
{[%clk 0:59:36]} Rd4+ {[%clk 0:02:08]} 42. Kc3 {[%clk 0:59:50]} Rxe4
{[%clk 0:02:41]} 43. Ra1 {[%clk 1:00:12]} Rd4 {[%clk 0:02:41]} 44. Ra8+
{[%clk 1:00:12]} Kg7 {[%clk 0:02:41]} 0-1

[Event "II Torneio Aberto Internacional de Xadrez de Ferreira do Alentejo"]
[Site "Ferreira do Alentejo - Portugal"]
[Date "2019.12.19"]
[Round "5.10"]
[White "Dong, Fabio"]
[Black "Santos, Isabel Pereira Dos"]
[Result "1-0"]
[BlackElo "1807"]
[WhiteElo "1550"]
[WhiteTeam "CX Sintra"]
[BlackTeam "Gx Alekhine"]
[LiveChessVersion "1.4.8"]

1. c4 {[%clk 1:30:58]} c6 {[%clk 1:20:26]} 2. Nc3 d5 {[%clk 1:20:54]} 3. cxd5
{[%clk 1:31:07]} cxd5 4. d4 {[%clk 1:31:18]} Nf6 {[%clk 1:21:21]} 5. Bf4 Nc6
{[%clk 1:22:00]} 6. e3 {[%clk 1:31:59]} Bg4 {[%clk 1:18:09]} 7. Qb3
{[%clk 1:28:38]} Qd7 {[%clk 1:18:30]} 8. h3 {[%clk 1:22:24]} Bh5 {[%clk 0:45:36]}
9. g4 {[%clk 1:04:08]} Bg6 {[%clk 0:30:39]} 10. h4 {[%clk 0:51:44]} Nxg4
{[%clk 0:26:48]} 11. Qxd5 Qxd5 {[%clk 0:26:42]} 12. Nxd5 {[%clk 0:51:57]} Be4
{[%clk 0:27:09]} 13. Nc7+ {[%clk 0:49:34]} Kd7 {[%clk 0:26:57]} 14. f3
{[%clk 0:48:14]} e5 {[%clk 0:27:18]} 15. Nxa8 {[%clk 0:48:01]} exf4
{[%clk 0:27:33]} 16. fxe4 {[%clk 0:45:26]} Nxe3 {[%clk 0:25:56]} 17. Bh3+ f5
{[%clk 0:26:21]} 18. Bxf5+ {[%clk 0:44:26]} Nxf5 {[%clk 0:26:45]} 19. exf5
{[%clk 0:38:19]} Bb4+ {[%clk 0:26:44]} 20. Kf1 Rxa8 {[%clk 0:27:02]} 21. Nf3
{[%clk 0:34:22]} Ke7 {[%clk 0:23:33]} 22. a3 {[%clk 0:30:44]} Ba5
{[%clk 0:23:34]} 23. b4 {[%clk 0:30:13]} Bb6 {[%clk 0:24:02]} 24. Re1+
{[%clk 0:29:04]} Kf6 {[%clk 0:24:25]} 25. Re6+ {[%clk 0:26:31]} Kxf5
{[%clk 0:24:03]} 26. Rd6 {[%clk 0:24:47]} Re8 {[%clk 0:23:59]} 27. b5
{[%clk 0:23:19]} Na5 {[%clk 0:24:26]} 28. Rd5+ {[%clk 0:22:40]} Ke4
{[%clk 0:24:52]} 29. Re5+ {[%clk 0:22:38]} Rxe5 {[%clk 0:24:52]} 30. Nxe5
{[%clk 0:19:51]} Bxd4 31. Ng4 {[%clk 0:19:30]} Nc4 {[%clk 0:25:03]} 32. Nf2+
{[%clk 0:19:19]} Bxf2 {[%clk 0:25:35]} 33. Kxf2 {[%clk 0:19:19]} Nxa3
{[%clk 0:23:35]} 34. Re1+ {[%clk 0:18:58]} Kf5 {[%clk 0:22:16]} 35. Re7
{[%clk 0:19:07]} Kf6 {[%clk 0:22:41]} 36. Rxb7 h6 {[%clk 0:23:06]} 37. Kf3
{[%clk 0:16:59]} g5 {[%clk 0:23:25]} 38. Rxa7 {[%clk 0:15:28]} Nc4
{[%clk 0:22:58]} 39. b6 {[%clk 0:13:46]} Ne5+ {[%clk 0:19:02]} 40. Kg2
{[%clk 0:13:27]} g4 {[%clk 0:19:02]} 41. b7 {[%clk 0:13:23]} Nd7 {[%clk 0:18:08]}
42. Ra8 {[%clk 0:13:29]} Kg6 {[%clk 0:18:36]} 43. b8=Q {[%clk 0:13:29]} Nxb8
{[%clk 0:18:36]} 44. Rxb8 {[%clk 0:13:35]} Kh5 {[%clk 0:18:22]} 45. Rb4 Kxh4
{[%clk 0:18:47]} 46. Rxf4 {[%clk 0:13:55]} h5 47. Rf5 1-0